000 00571cam a22001457a 4500
008 180718b1969 xxu||||| |||| 00| 0 eng d
082 _aT19 C333/19
100 _aKemenes, Egon
245 _aThe reform of the international monetary system and the developing countries
_cby Egon Kemenes
260 _aBudapest
_bCenter for Afro-Asian Research of the Hungarian Academy of Sciences
_c1969
300 _a21p.
440 _aStudies on developing countries, No. 19
650 _aForeign exchange
700 _aCenter for Afro-Asian Research of the Hungarian Academy of Sciences
999 _c476552
_d476552